| 000 | 00686nam a22002177a 4500 | ||
|---|---|---|---|
| 001 | 21545 | ||
| 005 | 20260312100430.0 | ||
| 008 | 260312b |||||||| |||| 00| 0 spa d | ||
| 041 | _aESP | ||
| 082 |
_a345.721 _bU61 V. 1 |
||
| 100 | _a, | ||
| 110 | _aUniversidad Carlos III de Madrid | ||
| 245 |
_aCelebrando 10 aƱos, los casos y los escritos premiados de las diez primeras ediciones del Moot Madrid, tomo I : _b los casos y los escritos premiados de las diez primeras ediciones del Moot Madrid |
||
| 260 |
_a : _b , _c2018 |
||
| 300 |
_avarias paginaciones : _b ; _c30 cm. |
||
| 440 | _a ; | ||
| 650 | _aGEN | ||
| 654 | _aCHU | ||
| 700 | _a; | ||
| 942 |
_cLIB _dJUS _fJUS _n0 _2ddc |
||
| 999 |
_c21545 _d21545 |
||